[Event "Katowice POL-HUN 10th"]
[Site "Katowice"]
[Date "2023.09.10"]
[Round "6"]
[White "Sadzikowski, Daniel"]
[Black "Rozycki, Bartlomiej"]
[Result "1-0"]
[WhiteElo "2495"]
[BlackElo "2181"]
[PlyCount "51"]
[EventDate "2023.09.09"]
[EventType "swiss (rapid)"]
[EventRounds "9"]
[EventCountry "POL"]
[SourceTitle "EXT 2024"]
[Source "ChessBase"]
[SourceDate "2023.10.10"]
[SourceVersion "1"]
[SourceVersionDate "2023.10.10"]
[SourceQuality "1"]

1. e4 c6 2. d4 d5 3. Nd2 dxe4 4. Nxe4 Bf5 5. Ng3 Bg6 6. h4 h6 7. Nf3 e6 8. Ne5 Bh7 9. Bd3 Bxd3 10. Qxd3 Nd7 11. Qe2 c5 12. Be3 Ngf6 13. 0-0-0 Qa5 14. Kb1 Nxe5 15. dxe5 Nd5 16. c4 Nb4 17. a3 Nc6 18. Nh5 Rd8 19. Rxd8+ Qxd8 20. f4 Be7 21. Nxg7+ Kf8 22. Nh5 Bxh4 23. Bxc5+ Be7 24. Rd1 Qa5 25. Bd6 Rg8 26. g4 1-0

[Event "Titled Tuesday intern op 22nd Aug Early"]
[Site "Chess.com INT"]
[Date "2023.08.22"]
[Round "2"]
[White "Bashirli, Saadat"]
[Black "Sadzikowski, Daniel"]
[Result "1/2-1/2"]
[WhiteElo "1567"]
[BlackElo "2495"]
[PlyCount "180"]
[EventDate "2023.08.22"]
[EventType "swiss (blitz)"]
[EventRounds "11"]
[EventCountry "USA"]
[SourceTitle "EXT 2024"]
[Source "ChessBase"]
[SourceDate "2023.10.10"]
[SourceVersion "1"]
[SourceVersionDate "2023.10.10"]
[SourceQuality "1"]

1. d4 Nf6 2. e3 e6 3. f4 c5 4. c3 b6 5. Nf3 Bb7 6. Bd3 Be7 7. 0-0 d6 8. Qe2 Ne4 9. Nbd2 f5 10. Qd1 Nd7 11. Qc2 Ndf6 12. b3 0-0 13. Bb2 Rc8 14. Rac1 h6 15. Qb1 Qe8 16. c4 Qh5 17. dxc5 bxc5 18. Bxf6 Nxf6 19. Rce1 Bd8 20. a3 Ba5 21. b4 cxb4 22. axb4 Bb6 23. Kh1 Ng4 24. c5 dxc5 25. bxc5 Rxc5 26. Re2 Rc3 27. Rfe1 Rd8 28. Bc2 Ba6 29. Qb2 Rdc8 30. Qa2 Bxe2 31. Qxe6+ Kh8 32. Bxf5 Rc1 33. Bxg4 Rxe1+ 34. Nxe1 Rc1 35. h3 Rxe1+ 36. Kh2 Qc5 37. Qe8+ Kh7 38. Qe4+ g6 39. Qb7+ Qc7 40. Qe4 Qg7 41. Bxe2 Rxe2 42. Nf3 Bc7 43. Qd5 Rb2 44. Qc4 Rb6 45. Nd4 Rf6 46. Ne6 Qe7 47. Nc5 Rf7 48. Ne4 Qf8 49. Nc3 Qg7 50. Nd5 Bb8 51. Qc5 Rb7 52. Qc4 g5 53. Qc6 gxf4 54. exf4 Bxf4+ 55. Nxf4 Rc7 56. Qe4+ Kh8 57. Qe8+ Kh7 58. Qe4+ Kg8 59. Qe8+ Qf8 60. Qg6+ Qg7 61. Qe8+ Qf8 62. Qg6+ Rg7 63. Qe6+ Qf7 64. Qc8+ Kh7 65. Qc2+ Kh8 66. Qc8+ Rg8 67. Qc3+ Qg7 68. Qd3 a5 69. g4 a4 70. Kg2 Qf6 71. Nh5 Qc6+ 72. Kg3 Qc7+ 73. Kg2 Qb7+ 74. Kh2 Qb8+ 75. Kg2 Qa8+ 76. Kh2 Qb8+ 77. Kg2 Qb7+ 78. Kh2 Qc7+ 79. Kg2 Qf7 80. Qd4+ Kh7 81. Nf6+ Kg6 82. Nxg8 Qxg8 83. Qxa4 Qd5+ 84. Kg3 Qd3+ 85. Kg2 Qd2+ 86. Kg3 Qe3+ 87. Kg2 Qe2+ 88. Kg3 Qe3+ 89. Kg2 Qe2+ 90. Kg3 Qe3+ 1/2-1/2

[Event "Titled Tuesday intern op 22nd Aug Early"]
[Site "Chess.com INT"]
[Date "2023.08.22"]
[Round "3"]
[White "Gheorghiu, Calin"]
[Black "Sadzikowski, Daniel"]
[Result "0-1"]
[WhiteElo "2313"]
[BlackElo "2495"]
[PlyCount "38"]
[EventDate "2023.08.22"]
[EventType "swiss (blitz)"]
[EventRounds "11"]
[EventCountry "USA"]
[SourceTitle "EXT 2024"]
[Source "ChessBase"]
[SourceDate "2023.10.10"]
[SourceVersion "1"]
[SourceVersionDate "2023.10.10"]
[SourceQuality "1"]

1. e4 c5 2. Nf3 d6 3. d4 cxd4 4. Nxd4 Nf6 5. Nc3 a6 6. Bg5 e6 7. f4 h6 8. Bh4 Qb6 9. Qd2 Qxb2 10. Rb1 Qa3 11. e5 dxe5 12. fxe5 Nfd7 13. Bc4 Be7 14. Bxe7 Qxe7 15. 0-0 Nxe5 16. Be2 0-0 17. Qf4 Nbc6 18. Nxc6 Nxc6 19. Bd3 Qc5+ 0-1

[Event "Titled Tuesday intern op 22nd Aug Early"]
[Site "Chess.com INT"]
[Date "2023.08.22"]
[Round "1"]
[White "Sadzikowski, Daniel"]
[Black "Lopez del Alamo, Antonio"]
[Result "1/2-1/2"]
[WhiteElo "2495"]
[BlackElo "2267"]
[PlyCount "87"]
[EventDate "2023.08.22"]
[EventType "swiss (blitz)"]
[EventRounds "11"]
[EventCountry "USA"]
[SourceTitle "EXT 2024"]
[Source "ChessBase"]
[SourceDate "2023.10.10"]
[SourceVersion "1"]
[SourceVersionDate "2023.10.10"]
[SourceQuality "1"]

1. e4 c5 2. Nf3 e6 3. d4 cxd4 4. Nxd4 Nf6 5. Nc3 Nc6 6. Nxc6 bxc6 7. e5 Nd5 8. Ne4 Bb7 9. Be2 c5 10. 0-0 Qc7 11. Nd6+ Bxd6 12. exd6 Qc6 13. Bf3 c4 14. Qd4 0-0 15. b3 Rfc8 16. Be3 cxb3 17. cxb3 Qxd6 18. Rfc1 a5 19. Bd2 f6 20. Rxc8+ Bxc8 21. Bxd5 Qxd5 22. Qxd5 exd5 23. Bc3 Bb7 24. a4 d4 25. Bxd4 Bd5 26. Rb1 Rb8 27. Bc3 Rxb3 28. Rxb3 Bxb3 29. Bxa5 Bxa4 30. h4 Kf7 31. f3 Ke6 32. Kf2 g6 33. Ke3 h5 34. Bd8 Kf5 35. g3 Bc6 36. Be7 g5 37. hxg5 fxg5 38. Bd8 d5 39. Be7 d4+ 40. Kxd4 Bxf3 41. Ke3 Kg4 42. Kf2 h4 43. gxh4 gxh4 44. Bxh4 1/2-1/2

[Event "CZE-chT 2223"]
[Site "Czech Republic"]
[Date "2023.03.24"]
[Round "9.5"]
[White "Plat, Vojtech"]
[Black "Sadzikowski, Daniel"]
[Result "1-0"]
[WhiteElo "2546"]
[BlackElo "2503"]
[PlyCount "119"]
[EventDate "2022.10.15"]
[EventType "team-tourn"]
[EventRounds "11"]
[EventCountry "CZE"]
[SourceTitle "CBM 213 Extra"]
[Source "ChessBase"]
[SourceDate "2023.05.31"]
[SourceVersion "1"]
[SourceVersionDate "2023.05.31"]
[SourceQuality "1"]
[WhiteTeam "Lysa nad Labem"]
[BlackTeam "Pardubice"]
[WhiteTeamCountry "CZE"]
[BlackTeamCountry "CZE"]

1. e4 c5 2. Nf3 d6 3. Nc3 Nf6 4. e5 dxe5 5. Nxe5 a6 6. g3 Qd6 7. Qe2 Nc6 8. Nxc6 Qxc6 9. Rg1 Bg4 10. Qe3 e5 11. h3 Be6 12. Bg2 Qd7 13. g4 0-0-0 14. d3 h5 15. g5 Nd5 16. Nxd5 Bxd5 17. Bxd5 Qxd5 18. Qe4 Qe6 19. Be3 Qxh3 20. Qxe5 Qf3 21. Qe4 Qxe4 22. dxe4 g6 23. Ke2 Bg7 24. c3 Rhe8 25. f3 c4 26. a4 Re6 27. a5 Be5 28. Ra4 Rc6 29. f4 Bc7 30. Rf1 Rd3 31. Rf3 Kd7 32. Bd4 Rxf3 33. Kxf3 Bd8 34. Be3 Be7 35. f5 Rc8 36. Ra1 Kc6 37. e5 gxf5 38. Kf4 Rd8 39. Kxf5 Rd3 40. Ke4 Bc5 41. Bxc5 Kxc5 42. Rf1 Rg3 43. Rxf7 Rxg5 44. Rc7+ Kb5 45. Rxb7+ Kxa5 46. e6 Rg2 47. Kd5 Re2 48. Rb8 h4 49. Rh8 h3 50. Rxh3 Rxb2 51. Re3 Rb8 52. e7 Re8 53. Kc5 Rc8+ 54. Kd6 Ka4 55. e8Q+ Rxe8 56. Rxe8 Kb3 57. Re3 a5 58. Kc5 a4 59. Kd4 a3 60. Re2 1-0

[Event "Suwalki Warakomska Memorial 6th"]
[Site "Suwalki"]
[Date "2022.08.08"]
[Round "7"]
[White "Sadzikowski, Daniel"]
[Black "Godzwon, Iwo"]
[Result "0-1"]
[WhiteElo "2528"]
[BlackElo "2336"]
[PlyCount "74"]
[EventDate "2022.08.03"]
[EventType "swiss"]
[EventRounds "9"]
[EventCountry "POL"]
[SourceTitle "CBM 209 Extra"]
[Source "ChessBase"]
[SourceDate "2022.09.30"]
[SourceVersion "1"]
[SourceVersionDate "2022.09.30"]
[SourceQuality "1"]

1. d4 Nf6 2. Nf3 e6 3. c4 b6 4. g3 Bb7 5. Bg2 Bb4+ 6. Bd2 Bxd2+ 7. Qxd2 0-0 8. Nc3 Ne4 9. Qd3 Nxc3 10. Ng5 Ne4 11. Nxe4 d5 12. cxd5 exd5 13. Nc3 c6 14. 0-0 Na6 15. Rfe1 Nc7 16. a4 a5 17. e4 dxe4 18. Bxe4 g6 19. Bg2 Re8 20. Qc4 Re6 21. Rad1 Rc8 22. Bh3 Rxe1+ 23. Rxe1 Rb8 24. Re3 b5 25. Qc5 Bc8 26. Bxc8 Rxc8 27. Qxc6 b4 28. d5 Ne8 29. Qb5 bxc3 30. Rxc3 Rb8 31. Qc6 Nf6 32. Rf3 Rb6 33. Qc3 Rd6 34. Qe5 Kg7 35. g4 Rxd5 36. Qc3 Rd1+ 37. Kg2 Qd4 0-1

[Event "Warsaw Maciei Memorial"]
[Site "Warsaw"]
[Date "2022.07.08"]
[Round "9"]
[White "Malec, Sebastian"]
[Black "Sadzikowski, Daniel"]
[Result "0-1"]
[WhiteElo "2073"]
[BlackElo "2528"]
[PlyCount "72"]
[EventDate "2022.07.08"]
[EventType "swiss (blitz)"]
[EventRounds "11"]
[EventCountry "POL"]
[SourceTitle "CBM 209 Extra"]
[Source "ChessBase"]
[SourceDate "2022.09.30"]
[SourceVersion "1"]
[SourceVersionDate "2022.09.30"]
[SourceQuality "1"]

1. e4 c5 2. Nf3 d6 3. d4 cxd4 4. Qxd4 Nf6 5. Nc3 Nc6 6. Bb5 Bd7 7. Bxc6 Bxc6 8. Bg5 e6 9. 0-0-0 Be7 10. Kb1 0-0 11. Rhe1 Qa5 12. Qd2 Qa6 13. Nd4 Rfd8 14. f3 Rac8 15. h4 b5 16. Nxc6 Qxc6 17. Ne2 Qb7 18. Nd4 b4 19. g4 a5 20. h5 h6 21. Be3 Nh7 22. Qd3 a4 23. f4 Rc5 24. Rg1 Rdc8 25. g5 hxg5 26. fxg5 Bxg5 27. Nf3 Rc3 28. Bxg5 Rxd3 29. cxd3 Nxg5 30. Rxg5 Qc6 31. Rg2 b3 32. Rdg1 Kf8 33. a3 Ke7 34. Nd4 Qb6 35. Nf3 Qe3 36. Ne1 Qc1# 0-1

[Event "Warsaw Maciei Memorial"]
[Site "Warsaw"]
[Date "2022.07.08"]
[Round "6"]
[White "Sadzikowski, Daniel"]
[Black "Gorniewicz, Oskar"]
[Result "1-0"]
[WhiteElo "2528"]
[BlackElo "1911"]
[PlyCount "128"]
[EventDate "2022.07.08"]
[EventType "swiss (blitz)"]
[EventRounds "11"]
[EventCountry "POL"]
[SourceTitle "CBM 209 Extra"]
[Source "ChessBase"]
[SourceDate "2022.09.30"]
[SourceVersion "1"]
[SourceVersionDate "2022.09.30"]
[SourceQuality "1"]

1. c4 a6 2. g3 f5 3. Bg2 Nf6 4. Nc3 e6 5. Nf3 Nc6 6. 0-0 Be7 7. d4 0-0 8. d5 Na7 9. Bf4 exd5 10. cxd5 Nb5 11. Nxb5 axb5 12. d6 Bxd6 13. Bxd6 cxd6 14. Qb3+ Kh8 15. Qxb5 Qa5 16. Qxa5 Rxa5 17. a3 Ne4 18. e3 b6 19. Nd4 Bb7 20. Rfd1 Rc5 21. Rac1 g6 22. b4 Rxc1 23. Rxc1 Ra8 24. Rc7 Bd5 25. Nc2 Bb3 26. Bxe4 fxe4 27. Kg2 Bxc2 28. Rxc2 Rxa3 29. Rc8+ Kg7 30. Rb8 Kf6 31. Rxb6 Ke6 32. b5 Ra2 33. g4 g5 34. h3 Rb2 35. Rb8 Kd5 36. b6 h6 37. b7 Rb1 38. Rh8 Rxb7 39. Rxh6 Rb5 40. Rg6 Kc4 41. Kg3 Rd5 42. h4 gxh4+ 43. Kxh4 Kc5 44. Kg3 Rd1 45. Rf6 d5 46. g5 Rg1+ 47. Kh4 d4 48. exd4+ Kxd4 49. Rd6+ Ke5 50. Rxd7 Rg2 51. Rf7 Ke6 52. Rf8 Ke7 53. Rf4 Ke6 54. Kh5 Ke5 55. Rf8 Ke6 56. g6 Rh2+ 57. Kg5 Rg2+ 58. Kh6 Rh2+ 59. Kg7 Rg2 60. Kh7 Rh2+ 61. Kg8 Rg2 62. g7 Ke7 63. Rf4 Kd6 64. Rxe4 Rxf2 1-0

[Event "Warsaw Maciei Memorial"]
[Site "Warsaw"]
[Date "2022.07.08"]
[Round "4"]
[White "Sadzikowski, Daniel"]
[Black "Pakleza, Zbigniew"]
[Result "1/2-1/2"]
[WhiteElo "2528"]
[BlackElo "2499"]
[PlyCount "60"]
[EventDate "2022.07.08"]
[EventType "swiss (blitz)"]
[EventRounds "11"]
[EventCountry "POL"]
[SourceTitle "CBM 209 Extra"]
[Source "ChessBase"]
[SourceDate "2022.09.30"]
[SourceVersion "1"]
[SourceVersionDate "2022.09.30"]
[SourceQuality "1"]

1. c4 c6 2. Nf3 d5 3. e3 Nf6 4. Nc3 Bg4 5. cxd5 Bxf3 6. Qxf3 cxd5 7. d4 Nc6 8. Bd3 e6 9. 0-0 Be7 10. Bd2 0-0 11. Qe2 Rc8 12. Rac1 Qd7 13. Rfd1 g6 14. Be1 Rfd8 15. a3 a6 16. Nb1 Bf8 17. Nd2 e5 18. dxe5 Nxe5 19. Nf3 Nxd3 20. Qxd3 Bg7 21. Rxc8 Qxc8 22. Bc3 h6 23. h3 Qe6 24. Be5 Ne4 25. Bxg7 Kxg7 26. Qd4+ Qf6 27. Rc1 Qxd4 28. Nxd4 Rd7 29. f3 Nd6 30. Kf2 Nc4 1/2-1/2

[Event "Warsaw Maciei Memorial"]
[Site "Warsaw"]
[Date "2022.07.08"]
[Round "5"]
[White "Socko, Bartosz"]
[Black "Sadzikowski, Daniel"]
[Result "1-0"]
[WhiteElo "2630"]
[BlackElo "2528"]
[PlyCount "103"]
[EventDate "2022.07.08"]
[EventType "swiss (blitz)"]
[EventRounds "11"]
[EventCountry "POL"]
[SourceTitle "CBM 209 Extra"]
[Source "ChessBase"]
[SourceDate "2022.09.30"]
[SourceVersion "1"]
[SourceVersionDate "2022.09.30"]
[SourceQuality "1"]

1. d4 Nf6 2. c4 e6 3. Nf3 d5 4. g3 Be7 5. Bg2 0-0 6. 0-0 Nbd7 7. cxd5 exd5 8. Nc3 c6 9. Bf4 Nh5 10. Bd2 Nhf6 11. Qc2 Bd6 12. Bf4 Bb8 13. Rac1 Re8 14. Rfe1 Bxf4 15. gxf4 Ne4 16. Ne5 Ndf6 17. Nxe4 Nxe4 18. Qb3 Nd6 19. Kh1 f6 20. Nd3 Kh8 21. e3 Bf5 22. Nc5 Re7 23. a4 Qe8 24. Bf3 b6 25. Na6 Be4 26. Qd1 Bxf3+ 27. Qxf3 Ne4 28. Rc2 Rc8 29. Rec1 Qd7 30. f5 h6 31. b4 Ree8 32. Qf4 Nd6 33. b5 Nc4 34. bxc6 Qxc6 35. Nb4 Qd7 36. Qf3 Qxa4 37. Nxd5 Nd6 38. Rxc8 Rxc8 39. Rxc8+ Nxc8 40. Nf4 Qd7 41. Ng6+ Kg8 42. Qe4 b5 43. Qa8 Kf7 44. e4 b4 45. Qb8 a5 46. Kg2 Qc6 47. d5 Qd7 48. f3 Qe8 49. Qc7+ Kg8 50. d6 Nxd6 51. Qxd6 b3 52. Qd5+ 1-0

[Event "POL-UKR Charity m"]
[Site "Chess.com INT"]
[Date "2022.06.04"]
[Round "1"]
[White "Sadzikowski, Daniel"]
[Black "Onischuk, Vladimir"]
[Result "1-0"]
[WhiteElo "2528"]
[BlackElo "2612"]
[PlyCount "105"]
[EventDate "2022.06.04"]
[EventType "team-match (rapid)"]
[EventRounds "2"]
[EventCountry "UKR"]
[SourceTitle "CBM 208 Extra"]
[Source "ChessBase"]
[SourceDate "2022.07.31"]
[SourceVersion "1"]
[SourceVersionDate "2022.07.31"]
[SourceQuality "1"]
[WhiteTeam "Poland"]
[BlackTeam "Ukraine"]
[WhiteTeamCountry "POL"]
[BlackTeamCountry "UKR"]

1. c4 g6 2. g3 Bg7 3. Bg2 Nf6 4. Nc3 0-0 5. d3 e5 6. Nf3 Nc6 7. 0-0 Re8 8. Rb1 a5 9. a3 d6 10. b4 axb4 11. axb4 e4 12. dxe4 Nxe4 13. Nxe4 Rxe4 14. Nd2 Re8 15. b5 Ne5 16. Bb2 Nd7 17. Bxg7 Kxg7 18. Ne4 Qe7 19. Ra1 Rxa1 20. Qxa1+ f6 21. Nc3 Nb6 22. e3 Be6 23. Bxb7 Bxc4 24. Rd1 Qe5 25. Bc6 Re7 26. Rd4 Qc5 27. Ne4 Qe5 28. Nc3 Qc5 29. Rf4 Rf7 30. h4 Bd3 31. Rd4 Bf5 32. Na4 Nxa4 33. Qxa4 Re7 34. Kg2 h5 35. Rc4 Qe5 36. Qa3 g5 37. Rd4 Be6 38. Qd3 Bf5 39. Qd1 Bg4 40. Bf3 Bxf3+ 41. Qxf3 g4 42. Qe2 Qc5 43. Qd3 f5 44. Rd5 Qb4 45. Qxf5 Rf7 46. Qg5+ Kh7 47. Qxh5+ Kg7 48. Rg5+ Kf8 49. Rxg4 Rxf2+ 50. Kxf2 Qd2+ 51. Kf3 Qd1+ 52. Kf4 Qf1+ 53. Kg5 1-0

[Event "POL-ch Academic"]
[Site "Chorzow"]
[Date "2022.04.02"]
[Round "9"]
[White "Fus, Jakub"]
[Black "Sadzikowski, Daniel"]
[Result "1-0"]
[WhiteElo "2261"]
[BlackElo "2370"]
[PlyCount "127"]
[EventDate "2022.04.01"]
[EventType "swiss (rapid)"]
[EventRounds "9"]
[EventCountry "POL"]
[SourceTitle "EXT 2024"]
[Source "ChessBase"]
[SourceDate "2023.10.10"]
[SourceVersion "1"]
[SourceVersionDate "2023.10.10"]
[SourceQuality "1"]

1. d4 Nf6 2. Nf3 d5 3. c4 e6 4. Nc3 dxc4 5. Bg5 Bb4 6. e4 h6 7. Bxf6 Qxf6 8. Bxc4 c5 9. e5 Qd8 10. 0-0 cxd4 11. Ne4 0-0 12. Qe2 Nd7 13. Rfd1 Qa5 14. a3 Be7 15. Ng3 Rd8 16. Rxd4 Nf8 17. Rg4 Bd7 18. Nh5 Ng6 19. Bd3 Be8 20. h4 Bf8 21. Bxg6 fxg6 22. Nf4 Qa4 23. b4 Qb3 24. Nxg6 Bxg6 25. Rxg6 a5 26. bxa5 Rxa5 27. Kh2 b5 28. Rc1 Rxa3 29. Rc7 Qd5 30. Qc2 Rxf3 31. gxf3 Qxe5+ 32. Kg2 b4 33. Qc4 Rd4 34. Qxe6+ Qxe6 35. Rxe6 Rxh4 36. Kg3 Rh5 37. Re8 Rf5 38. f4 g6 39. Re6 g5 40. Rg6+ Kh8 41. fxg5 hxg5 42. Kg4 Rxf2 43. Rxg5 Rg2+ 44. Kh5 Rh2+ 45. Kg4 Rg2+ 46. Kh5 Rh2+ 47. Kg6 Rh6+ 48. Kf5 Rh1 49. Rb7 Rh2 50. Rg4 Rh5+ 51. Kg6 Rh6+ 52. Kf5 Rh5+ 53. Kf6 Rh6+ 54. Rg6 Rh4 55. Rb8 Rf4+ 56. Kg5 Rf1 57. Rf6 Rxf6 58. Kxf6 Kg8 59. Kg6 b3 60. Rxb3 Bd6 61. Rb6 Bg3 62. Rb3 Bh2 63. Rh3 Bf4 64. Ra3 1-0

[Event "POL-ch Academic"]
[Site "Chorzow"]
[Date "2022.04.02"]
[Round "8"]
[White "Lewtak, Dominik"]
[Black "Sadzikowski, Daniel"]
[Result "0-1"]
[WhiteElo "2070"]
[BlackElo "2370"]
[PlyCount "128"]
[EventDate "2022.04.01"]
[EventType "swiss (rapid)"]
[EventRounds "9"]
[EventCountry "POL"]
[SourceTitle "EXT 2024"]
[Source "ChessBase"]
[SourceDate "2023.10.10"]
[SourceVersion "1"]
[SourceVersionDate "2023.10.10"]
[SourceQuality "1"]

1. c4 Nf6 2. Nc3 e5 3. g3 Bb4 4. Bg2 0-0 5. e3 Bxc3 6. bxc3 d6 7. d4 Nc6 8. Ne2 e4 9. 0-0 Re8 10. Nf4 b6 11. Ba3 Na5 12. c5 dxc5 13. dxc5 Qxd1 14. Rfxd1 Nc4 15. Bc1 bxc5 16. Bf1 Ne5 17. Ba3 Bg4 18. Rdb1 g5 19. Ne2 Nd5 20. Rc1 Nd3 21. Rc2 Nb6 22. c4 Rad8 23. Nc1 Be6 24. Nb3 Na4 25. Kg2 Rd6 26. Be2 g4 27. Nd2 f5 28. Nb3 Red8 29. Na5 Rb6 30. Nb3 h5 31. Bd1 Nb4 32. Rcc1 Rd3 33. Bxb4 Rxb4 34. Be2 Rd6 35. Rab1 Kf7 36. Rc2 Nb6 37. a3 Ra4 38. Nxc5 Rxa3 39. Nxe6 Rxe6 40. c5 Nd5 41. Bc4 c6 42. Rd1 Ra6 43. Bxd5 cxd5 44. Rxd5 Kf6 45. Rd7 Rec6 46. Rh7 Kg6 47. Rd7 Kf6 48. Rh7 Kg6 49. Rd7 Ra5 50. Rb7 a6 51. Rb6 Rxb6 52. cxb6 Rb5 53. Rc6+ Kg5 54. Rd6 a5 55. Rc6 h4 56. gxh4+ Kxh4 57. b7 Rxb7 58. Rc5 Ra7 59. Rxf5 a4 60. Rc5 a3 61. Rc1 a2 62. Ra1 Ra3 63. h3 gxh3+ 64. Kh2 Kg4 0-1

[Event "POL-ch Academic"]
[Site "Chorzow"]
[Date "2022.04.01"]
[Round "1"]
[White "Sadzikowski, Daniel"]
[Black "Jaromin, Maciej"]
[Result "1-0"]
[WhiteElo "2370"]
[BlackElo "1540"]
[PlyCount "58"]
[EventDate "2022.04.01"]
[EventType "swiss (rapid)"]
[EventRounds "9"]
[EventCountry "POL"]
[SourceTitle "EXT 2024"]
[Source "ChessBase"]
[SourceDate "2023.10.10"]
[SourceVersion "1"]
[SourceVersionDate "2023.10.10"]
[SourceQuality "1"]

1. c4 e5 2. g3 Nc6 3. Bg2 Nf6 4. Nf3 Bc5 5. 0-0 0-0 6. Nc3 d6 7. e3 Be6 8. b3 d5 9. Ng5 Bg4 10. f3 Bh5 11. cxd5 Nxd5 12. Nxd5 Qxd5 13. g4 Bg6 14. f4 Qd8 15. f5 Qxg5 16. fxg6 Rad8 17. gxf7+ Rxf7 18. Qe2 Rxf1+ 19. Kxf1 Rf8+ 20. Kg1 Kh8 21. Bb2 Ne7 22. Rf1 Rxf1+ 23. Qxf1 Ng6 24. Qf5 Qd8 25. Bc3 c6 26. Be4 Bxe3+ 27. dxe3 Qd1+ 28. Kf2 Qd8 29. Ke2 Nf8 1-0

[Event "POL-ch Ekstraliga-A Rapid"]
[Site "Bydgoszcz"]
[Date "2022.03.11"]
[Round "5.3"]
[White "Redzisz, Michal"]
[Black "Sadzikowski, Daniel"]
[Result "1/2-1/2"]
[WhiteElo "2223"]
[BlackElo "2528"]
[PlyCount "64"]
[EventDate "2022.03.11"]
[EventType "team-tourn (rapid)"]
[EventRounds "10"]
[EventCountry "POL"]
[SourceTitle "CBM 207 Extra"]
[Source "ChessBase"]
[SourceDate "2022.05.31"]
[SourceVersion "1"]
[SourceVersionDate "2022.05.31"]
[SourceQuality "1"]
[WhiteTeam "Jastrzebie Zdroj Pionier"]
[BlackTeam "Katowice Wasko"]
[WhiteTeamCountry "POL"]
[BlackTeamCountry "POL"]

1. d4 Nf6 2. c4 e6 3. Nc3 Bb4 4. e3 0-0 5. Nge2 Re8 6. a3 Bf8 7. d5 a6 8. h3 b5 9. cxb5 exd5 10. Nxd5 axb5 11. Nef4 Nxd5 12. Qxd5 c6 13. Qd1 d5 14. Be2 Nd7 15. 0-0 Nf6 16. Qc2 Bd7 17. Bf3 Qc8 18. b3 Bf5 19. Qd2 Ne4 20. Bxe4 dxe4 21. Bb2 c5 22. Rac1 Rd8 23. Qe2 Qb7 24. Rfd1 c4 25. Rxd8 Rxd8 26. bxc4 bxc4 27. Rxc4 Qb3 28. Qc2 Rb8 29. Qxb3 Rxb3 30. Rc2 f6 31. Ne2 Bxa3 32. Bxa3 Rxa3 1/2-1/2

[Event "POL-ch Ekstraliga-A Rapid"]
[Site "Bydgoszcz"]
[Date "2022.03.11"]
[Round "3.3"]
[White "Sadzikowski, Daniel"]
[Black "Gralka, Przemyslaw"]
[Result "1-0"]
[WhiteElo "2528"]
[BlackElo "2207"]
[PlyCount "75"]
[EventDate "2022.03.11"]
[EventType "team-tourn (rapid)"]
[EventRounds "10"]
[EventCountry "POL"]
[SourceTitle "CBM 207 Extra"]
[Source "ChessBase"]
[SourceDate "2022.05.31"]
[SourceVersion "1"]
[SourceVersionDate "2022.05.31"]
[SourceQuality "1"]
[WhiteTeam "Katowice Wasko"]
[BlackTeam "Bydgoszcz Hetman"]
[WhiteTeamCountry "POL"]
[BlackTeamCountry "POL"]

1. e4 c6 2. d4 d5 3. Nc3 dxe4 4. Nxe4 Bf5 5. Ng3 Bg6 6. h4 h6 7. Nf3 Nd7 8. Bd3 Bxd3 9. Qxd3 e6 10. Bf4 Qa5+ 11. Bd2 Qc7 12. 0-0-0 Ngf6 13. Ne4 0-0-0 14. g3 Nxe4 15. Qxe4 Nf6 16. Qe2 c5 17. Bf4 Bd6 18. Bxd6 Rxd6 19. dxc5 Rxd1+ 20. Rxd1 Rd8 21. Rxd8+ Kxd8 22. b4 Ke7 23. Kb2 a5 24. a3 axb4 25. axb4 Nd5 26. Kb3 Nf6 27. c4 Nd7 28. Qe3 Qc6 29. Qd3 Qa6 30. Qd4 Qc6 31. Ne5 Nxe5 32. Qxe5 Qf3+ 33. Ka4 Qd1+ 34. Kb5 Qd7+ 35. Kb6 Qc6+ 36. Ka7 Qa6+ 37. Kb8 Qxc4 38. Qc7+ 1-0

[Event "POL-ch Ekstraliga-A Rapid"]
[Site "Bydgoszcz"]
[Date "2022.03.11"]
[Round "4.3"]
[White "Sadzikowski, Daniel"]
[Black "Kuzmicz, Krystian"]
[Result "1-0"]
[WhiteElo "2528"]
[BlackElo "2469"]
[PlyCount "127"]
[EventDate "2022.03.11"]
[EventType "team-tourn (rapid)"]
[EventRounds "10"]
[EventCountry "POL"]
[SourceTitle "CBM 207 Extra"]
[Source "ChessBase"]
[SourceDate "2022.05.31"]
[SourceVersion "1"]
[SourceVersionDate "2022.05.31"]
[SourceQuality "1"]
[WhiteTeam "Katowice Wasko"]
[BlackTeam "Wisznia Mala Bialy Krol"]
[WhiteTeamCountry "POL"]
[BlackTeamCountry "POL"]

1. e4 c5 2. Nf3 Nc6 3. Bb5 a6 4. Bxc6 dxc6 5. Nc3 Qc7 6. d4 cxd4 7. Qxd4 Bg4 8. Be3 Bxf3 9. gxf3 e5 10. Qc4 b5 11. Qe2 Nf6 12. Rg1 Nh5 13. a4 Bb4 14. axb5 cxb5 15. Qxb5+ axb5 16. Rxa8+ Ke7 17. Rxh8 Bxc3+ 18. bxc3 Qxc3+ 19. Kf1 Nf4 20. Bxf4 exf4 21. Kg2 g5 22. Rb8 Qxc2 23. Rxb5 g4 24. Re5+ Kf8 25. Rf5 gxf3+ 26. Kxf3 Qd3+ 27. Kxf4 Qh3 28. Rb1 Qxh2+ 29. Ke3 Qc7 30. Rh1 Qc3+ 31. Kf4 h6 32. f3 Qd2+ 33. Kg3 Qd6+ 34. Kh3 Qd3 35. Ra1 Kg8 36. Kg4 Qd2 37. Kh3 Qd3 38. Rg1+ Kf8 39. Rg2 Qf1 40. Kh2 Qe1 41. Ra2 Kg8 42. Kg2 Qe3 43. Rb2 Qa7 44. Rd2 Qc7 45. Kh3 Qc3 46. Rd8+ Kg7 47. Rd7 Qe1 48. Rdxf7+ Kg8 49. R7f6 Qh1+ 50. Kg3 Qg1+ 51. Kf4 Qc1+ 52. Kg4 Qh1 53. Rg6+ Kh7 54. Re6 Qg2+ 55. Kf4 Qd2+ 56. Ke5 Qc3+ 57. Kd6 Qb4+ 58. Kd7 Qb7+ 59. Ke8 Qc8+ 60. Kf7 Qg8+ 61. Ke7 Qc8 62. Rf7+ Kg8 63. Rg6+ Kh8 64. Rf8+ 1-0

[Event "Wch Blitz"]
[Site "Warsaw"]
[Date "2021.12.29"]
[Round "2"]
[White "Paravyan, David"]
[Black "Sadzikowski, Daniel"]
[Result "1-0"]
[WhiteElo "2617"]
[BlackElo "2525"]
[PlyCount "120"]
[EventDate "2021.12.29"]
[EventType "swiss (blitz)"]
[EventRounds "21"]
[EventCountry "POL"]
[SourceTitle "CBM 205 Extra"]
[Source "ChessBase"]
[SourceDate "2022.01.31"]
[SourceVersion "1"]
[SourceVersionDate "2022.01.31"]
[SourceQuality "1"]

1. e4 c5 2. Nf3 d6 3. d4 cxd4 4. Nxd4 Nf6 5. Nc3 a6 6. Bg5 e6 7. Qd2 h6 8. Bxf6 Qxf6 9. 0-0-0 Nc6 10. Nxc6 bxc6 11. f4 Qd8 12. Bc4 Be7 13. Kb1 Rb8 14. Bb3 0-0 15. h4 d5 16. g4 Bb4 17. Qe3 Qb6 18. Qf3 Qa5 19. g5 h5 20. Ka1 Bxc3 21. Qxc3 Qxc3 22. bxc3 a5 23. Rhe1 Ba6 24. f5 exf5 25. exf5 Rfe8 26. Rxe8+ Rxe8 27. Ba4 Bb7 28. Rb1 Re7 29. g6 fxg6 30. fxg6 Kf8 31. Kb2 Rc7 32. Re1 Re7 33. Rf1+ Ke8 34. Ka3 Kd7 35. Rf5 Kd6 36. Rxh5 Re6 37. Rg5 Re3 38. Kb3 Bc8 39. h5 Rh3 40. Kb2 Rh4 41. c4 dxc4 42. Rxa5 Be6 43. Ra7 Rxh5 44. Rxg7 Rg5 45. Kc3 Bf5 46. Kxc4 Rg4+ 47. Kb3 Bxg6 48. Ka3 Rg3+ 49. Bb3 Rg4 50. Kb2 Bf5 51. Rf7 Bd7 52. a4 Rg5 53. Ka3 Bc8 54. Ra7 Rg3 55. Kb4 Rg4+ 56. Kc3 Kc5 57. Rc7 Bf5 58. Re7 Rg3+ 59. Kb2 Kb6 60. a5+ Ka6 1-0